Disciplined entrepreneurship startup tactics : (Record no. 366619)
[ view plain ]
| 000 -LEADER | |
|---|---|
| fixed length control field | 01463nam a22002177a 4500 |
| 003 - CONTROL NUMBER IDENTIFIER | |
| control field | 0 |
| 005 - DATE AND TIME OF LATEST TRANSACTION | |
| control field | 20241026085938.0 |
| 008 - FIXED-LENGTH DATA ELEMENTS--GENERAL INFORMATION | |
| fixed length control field | 241026b xxu||||| |||| 00| 0 eng d |
| 020 ## - INTERNATIONAL STANDARD BOOK NUMBER | |
| International Standard Book Number | 9781394223350 |
| 050 ## - LIBRARY OF CONGRESS CALL NUMBER | |
| Classification number | HB 615 |
| Item number | .C54 2024 |
| 100 ## - MAIN ENTRY--PERSONAL NAME | |
| Personal name | Cheek, Paul, |
| Relator term | author. |
| 245 ## - TITLE STATEMENT | |
| Title | Disciplined entrepreneurship startup tactics : |
| Remainder of title | 15 tactics to turn your business plan into a business / |
| Statement of responsibility, etc | Paul Cheek. |
| 260 ## - PUBLICATION, DISTRIBUTION, ETC. (IMPRINT) | |
| Place of publication, distribution, etc | Hoboken, New Jersey : |
| Name of publisher, distributor, etc | John Wiley & Sons, Inc., |
| Date of publication, distribution, etc | 2024. |
| 300 ## - PHYSICAL DESCRIPTION | |
| Extent | xviii, 270 p. : |
| Other physical details | col. ill. ; |
| Dimensions | 23 cm. |
| 504 ## - BIBLIOGRAPHY, ETC. NOTE | |
| Bibliography, etc | Includes index. |
| 520 ## - SUMMARY, ETC. | |
| Summary, etc | "For the past decade, Disciplined Entrepreneurship has changed the way people think about starting a company. Many believed that entrepreneurship could not be taught, but great entrepreneurs are not born with something special they simply make great products. Disciplined Entrepreneurship showed people how to create a successful startup through developing an innovative product by breaking down the necessary processes into an integrated, comprehensive, and proven 24-step framework that any industrious person can learn and apply. Now, Disciplined Entrepreneurship Startup Tactics provides a practical guide for securing funding and scaling your business. It's a comprehensive, practical, how-to guide for current and aspiring entrepreneurs"--Provided by publisher. |
| 650 ## - SUBJECT ADDED ENTRY--TOPICAL TERM | |
| Topical term or geographic name as entry element | Entrepreneurship. |
| 650 ## - SUBJECT ADDED ENTRY--TOPICAL TERM | |
| Topical term or geographic name as entry element | New business enterprises. |
| 650 ## - SUBJECT ADDED ENTRY--TOPICAL TERM | |
| Topical term or geographic name as entry element | Business planning. |
| 942 ## - ADDED ENTRY ELEMENTS (KOHA) | |
| Source of classification or shelving scheme | Library of Congress Classification |
| Koha item type | Books |
| Withdrawn status | Lost status | Source of classification or shelving scheme | Damaged status | Home library | Current library | Shelving location | Date acquired | Source of acquisition | Sub Shelving location | Total Checkouts | Full call number | Barcode | Date last seen | Price effective from | Koha item type |
|---|---|---|---|---|---|---|---|---|---|---|---|---|---|---|---|
| Library of Congress Classification | College Library | College Library | Reserve Section | 10/26/2024 | Library Fund | HB 615 .C54 2024 | C23865 | 10/26/2024 | 10/26/2024 | Books |